[Event "corr 6. EST email ch"]
[Site "EKMÜ"]
[Date "2004.01.15"]
[Round "?"]
[White "Dmitrijev, Vladimir"]
[Black "Post, Toomas"]
[Result "1/2-1/2"]
[WhiteElo "2089"]
[BlackElo "2343"]
[PlyCount "111"]
[EventDate "2004.??.??"]

1. d4 Nf6 2. c4 e6 3. Nc3 c5 4. d5 exd5 5. cxd5 d6 6. e4 g6 7. Be2 Bg7 8. Nf3
O-O 9. O-O Re8 10. Nd2 a6 11. a4 Nbd7 12. f4 Rb8 13. Kh1 Qe7 14. e5 dxe5 15.
Nc4 e4 16. f5 b5 17. axb5 axb5 18. Na5 Ne5 19. fxg6 hxg6 20. Bg5 Bf5 21. Bxb5
Rxb5 22. Nxb5 Qd7 23. Qa4 Nxd5 24. Nd6 Qxa4 25. Rxa4 Re6 26. Nxf5 gxf5 27. g4
Nxg4 28. Rxf5 Nb6 29. Ra1 e3 30. Bh4 Ne5 31. Nb7 Nbd7 32. Re1 Nd3 33. Re2 Nc1
34. Rc2 Nd3 35. Rxf7 Kxf7 36. Nd8+ Kg6 37. Nxe6 Bxb2 38. Re2 Bd4 39. Bg5 Nf8
40. Nxd4 cxd4 41. Bxe3 dxe3 42. Rxe3 Nf4 43. Rg3+ Kh5 44. h3 N8g6 45. Kh2 Ne2
46. Re3 Nef4 47. Kg3 Nd5 48. Re4 Nc3 49. Re8 Nd5 50. Ra8 Nge7 51. Rf8 Ne3 52.
Rh8+ Kg6 53. Re8 N3f5+ 54. Kf4 Kf7 55. Ra8 Kg6 56. Ra6+ 1/2-1/2

[Event "corr 6. EST email ch"]
[Site "EKMÜ"]
[Date "2004.01.15"]
[Round "?"]
[White "Külaots, Aare"]
[Black "Dmitrijev, Vladimir"]
[Result "1/2-1/2"]
[WhiteElo "2126"]
[BlackElo "2089"]
[PlyCount "76"]
[EventDate "2004.??.??"]

1. e4 e6 2. d4 d5 3. Nc3 Nf6 4. Bg5 dxe4 5. Nxe4 Be7 6. Bxf6 Bxf6 7. c3 Nd7 8.
Bd3 Be7 9. f4 c5 10. Nf3 Qc7 11. O-O O-O 12. Qe2 cxd4 13. Nxd4 Nc5 14. Bc2 Bd7
15. Ng5 h6 16. Ngf3 a5 17. Ne5 Rfd8 18. f5 Bf6 19. Ng4 Bg5 20. Rae1 exf5 21.
Bxf5 Re8 22. Qf2 Rxe1 23. Rxe1 Re8 24. Rxe8+ Bxe8 25. Nf3 Bf4 26. g3 Bd6 27.
Nd4 Qe7 28. Kg2 h5 29. Ne3 g6 30. Bc2 f5 31. Nd5 Qe5 32. Nf4 Bf7 33. Nf3 Qe7
34. a3 g5 35. Ne2 Ne4 36. Qe3 Bd5 37. Bxe4 Bxe4 38. Kf2 g4 1/2-1/2